[Event "Titled Tuesday intern op 28th Jan Early"]
[Site "Chess.com INT"]
[Date "2025.01.28"]
[Round "3"]
[White "Vachier Lagrave, Maxime"]
[Black "Seemann, Jakub"]
[Result "1-0"]
[WhiteElo "2733"]
[BlackElo "2488"]
[PlyCount "79"]
[EventDate "2025.01.28"]
[EventType "swiss (blitz)"]
[EventRounds "11"]
[EventCountry "USA"]
[SourceTitle "CB06_2025"]
[SourceDate "2025.02.05"]
[SourceVersion "1"]
[SourceVersionDate "2025.02.05"]
[SourceQuality "1"]

1. e4 e5 2. Nf3 Nc6 3. Bb5 a6 4. Ba4 Nf6 5. d3 b5 6. Bb3 Be7 7. Nc3 0-0 8. a4 Rb8 9. axb5 axb5 10. 0-0 d6 11. h3 h6 12. Be3 Nb4 13. d4 exd4 14. Nxd4 Bd7 15. Nd5 c5 16. Nxb4 cxb4 17. Qf3 Re8 18. Ra7 Bf8 19. Bxf7+ Kh8 20. Bxe8 Qxe8 21. Bxh6 Qg6 22. Be3 Re8 23. Rxd7 Nxd7 24. Qf5 Qxf5 25. exf5 Ne5 26. Nxb5 Nc4 27. Bc1 Rc8 28. Rd1 Be7 29. b3 Ne5 30. Nd4 Bf6 31. Be3 Nf7 32. g4 Kg8 33. Kg2 Rc3 34. Rd2 Be5 35. Ne2 Rc8 36. f4 Bb2 37. g5 d5 38. Kf3 Kf8 39. g6 Nd6 40. Rxd5 1-0